Online katalóg knižníc regiónu Turca

Manželka a vdova (Record no. 21071)

MARC details
000 -LEADER
fixed length control field 01685cam a2200445 4500
001 - CONTROL NUMBER
control field 21071
003 - CONTROL NUMBER IDENTIFIER
control field VRT
005 - DATE AND TIME OF LATEST TRANSACTION
control field 20260211163110.0
008 - FIXED-LENGTH DATA ELEMENTS--GENERAL INFORMATION
fixed length control field 200728s2020 xo gr 010 f slo
015 ## - NATIONAL BIBLIOGRAPHY NUMBER
National bibliography number SNBA2021/07
020 ## - INTERNATIONAL STANDARD BOOK NUMBER
International Standard Book Number 9788022210980
Qualifying information (viazané)
039 #9 - LEVEL OF BIBLIOGRAPHIC CONTROL AND CODING DETAIL [OBSOLETE]
Level of rules in bibliographic description 202510131001
Level of effort used to assign nonsubject heading access points AUTHORITY
Level of effort used to assign subject headings 202510130939
Level of effort used to assign classification AUTHORITY
Level of effort used to assign subject headings 202107300954
Level of effort used to assign classification msnk159
Level of effort used to assign subject headings 202107261620
Level of effort used to assign classification msnk134
040 ## - CATALOGING SOURCE
Original cataloging agency PPPK
Language of cataloging slo
Transcribing agency PPPK
Modifying agency SNK
Description conventions rda
041 1# - LANGUAGE CODE
Language code of text/sound track or separate title slo
Language code of original eng
044 ## - COUNTRY OF PUBLISHING/PRODUCING ENTITY CODE
MARC country code xo
ISO country code SK
072 #7 - SUBJECT CATEGORY CODE
Subject category code 821.111-3
Subject category code subdivision Anglická próza, anglicky písaná
Source konspekt
080 ## - UNIVERSAL DECIMAL CLASSIFICATION NUMBER
Universal Decimal Classification number 821.111(94)-31
Edition identifier 2011
080 ## - UNIVERSAL DECIMAL CLASSIFICATION NUMBER
Universal Decimal Classification number (0:82-312.4)
Edition identifier 2011
100 1# - MAIN ENTRY--PERSONAL NAME
Personal name White, Christian
Relationship aut
240 14 - UNIFORM TITLE
Uniform title The wife and the widow
Language of a work Slovensky
245 10 - TITLE STATEMENT
Title Manželka a vdova
Statement of responsibility, etc. Christian White ; z anglického originálu The wife and the widow ... preložila Zuzana Močková-Lorková
246 1# - VARYING FORM OF TITLE
Display text Obálkový podnázov:
Title proper/short title Ako dobre poznáme tých, ktorých milujeme?
250 ## - EDITION STATEMENT
Edition statement Vydanie I.
264 #1 - PRODUCTION, PUBLICATION, DISTRIBUTION, MANUFACTURE, AND COPYRIGHT NOTICE
Place of production, publication, distribution, manufacture Bratislava
Name of producer, publisher, distributor, manufacturer Tatran
Date of production, publication, distribution, manufacture, or copyright notice 2020
300 ## - PHYSICAL DESCRIPTION
Extent 245 strán
Dimensions 22 cm
336 ## - CONTENT TYPE
Content type term text
Content type code txt
Source rdacontent
337 ## - MEDIA TYPE
Media type term bez média
Media type code n
Source rdamedia
338 ## - CARRIER TYPE
Carrier type term zväzok
Carrier type code nc
Source rdacarrier
490 1# - SERIES STATEMENT
Series statement Mimo zákona
Volume/sequential designation 23. zväzok
500 ## - GENERAL NOTE
General note Obsahuje biografické údaje o autorovi na záložke preblu publikácie
655 #7 - INDEX TERM--GENRE/FORM
Genre/form data or focus term austrálske romány
Source of term SNKPH
655 #7 - INDEX TERM--GENRE/FORM
Genre/form data or focus term trilery (romány)
Source of term SNKPH
655 #7 - INDEX TERM--GENRE/FORM
Genre/form data or focus term Australian fiction
Source of term SNKPHeng
655 #7 - INDEX TERM--GENRE/FORM
Genre/form data or focus term Thrillers (novels)
Source of term SNKPHeng
700 1# - ADDED ENTRY--PERSONAL NAME
Personal name Močková Lorková, Zuzana,
Dates associated with a name 1985-
Relationship trl
830 #0 - SERIES ADDED ENTRY--UNIFORM TITLE
Uniform title Mimo zákona
942 ## - ADDED ENTRY ELEMENTS (KOHA)
Source of classification or shelving scheme Dewey Decimal Classification
Koha item type Krásna literatúra pre dospelých
Suppress in OPAC No
949 ## - LOCAL PROCESSING INFORMATION (OCLC)
6 17A1456098
a snkSC 193529
b snk2021/9256
o 11/2021
s 6100:20210805
949 ## - LOCAL PROCESSING INFORMATION (OCLC)
6 17A1456099
a snkSC 193529 D1
b snk2021/9257
o 11/2021
Holdings
Stav vyradenia Strata Poškodenie Spôsob nadobudnutia Domovská knižnica Aktuálna knižnica Dátum nadobudnutia Total checkouts Čiarový kód exemplára Date last seen Typ exemplára
      Dar Obecná knižnica Dražkovce Obecná knižnica Dražkovce 11.02.2026   4736500702 11.02.2026 Krásna literatúra pre dospelých
Projekt je podporený Slovenskou asociáciou knižníc
Prevádzkuje Turčianska knižnica Martin 2026